00961cam a2200265 450000100060000000300080000600500170001400800390003103500190007004000230008904100080011208200220012010000300014224500480017225000180022026000480023830000210028635000110030750001100031850400300042860000690045894200120052799900170053995201390055618861BD-RjUL20211209000339.0140222s1966 ii b 000 0 eng a(BD-RjUL)18919 aDLCcDLCdDLCbeng aeng00a823.912bCHA 19661 aChatterjee, Sisir.95816910aAldous Huxley :ba study.cSisir Chatterjee a[2d rev. ed.] aCalcutta :bFirma K. L. Mukhopadhyay,c1966 a117 p. ;c23 cm. aRs5.00 a"This study was undertaken in 1939 and part of it was submitted as a thesis, ... University of Calcutta." aBibliography: p. 115-117.10aHuxley, Aldous,d1894-1963xCriticism and interpretation.958173 2ddccBK c18861d18861 00102ddc40718FICaRUCLbRUCLcReadingd1973-05-16eFirma k. hg5.00l0o823.912 CHA 1966r2014-02-22 00:00:00tC-1w2014-02-22yBK